00760nam a2200193 i 4500001000700000003000900007005001700016007000300033008004100036100003500077245010900112260006700221300002200288700003000310700005300340852003200393999001900425952012200444128291ES-MaACL20230906193226.0t|070628s1970 sp ||||1| spa d1 aZoeller, Josef Othmar.911832313aEl ocaso del "señor cura" / cJosé Othmar Zoeller ; [versión de L. F. Larrañaga, J. Mendiguren]. a[Bilbao] : bDesclée de Brouwer, c[1970] (fEd. Vizcaína) a167 p. ; c21 cm.1 aLarrañaga, L. F.9703091 aMendiguren, Xabier (qMendiguren Bilbao)9174309 aES-MaACLjC-47020 bR.76184 c128291d128291 00104070aATENEOMbATENEOMcDEPO2d2008-01-17eSCl0oC-47020p1133617r2023-02-23 00:00:00w2023-02-23yMONOGRAFIA